Kluby piłkarskie w Brazylii z największą liczbą pucharów - Statystyki

Ogólne statystyki
  • Ten quiz został rozwiązany 25 razy
  • Średni wynik to 5 z 9
Statystyki odpowiedzi
# Trofea Klub Ostatnie trofeum % Poprawnych
21 Flamengo Copa Libertadores 2022
85%
17 Santos Recopa Sul-Americana 2012
65%
15 Corinthians Campeonato Brasileiro 2017
55%
14 Grêmio Recopa Sul-Americana 2018
50%
20 São Paulo Supercopa do Brasil 2024
50%
17 Cruzeiro Copa do Brasil 2018
45%
24 Palmeiras Campeonato Brasileiro 2023
45%
11 Atlético Mineiro Supercopa do Brasil 2022
40%
11 Internacional Recopa Sul-Americana 2011
25%
Nie znaleziono quizów pasujących do podanych kryteriów
Rozkład punktacji
Procent ludzi z każdym wynikiem
Percentyl według liczby udzielonych odpowiedzi
Twoja historia wyników
Nie rozwiązałeś tego quizu